¿Puede una reinspección modificar el criterio de una actuación anterior? (Registro nro. 13867)
[ vista simple ]
| 000 -LEADER | |
|---|---|
| fixed length control field | 00364 a2200109 4500 |
| 001 - CONTROL NUMBER | |
| control field | ART_41370 |
| 005 - DATE AND TIME OF LATEST TRANSACTION | |
| control field | 20260410161647.0 |
| 008 - FIXED-LENGTH DATA ELEMENTS--GENERAL INFORMATION | |
| fixed length control field | 260409a |
| 100 1# - MAIN ENTRY--PERSONAL NAME | |
| Personal name | Caranta, Martín R. |
| 245 10 - TITLE STATEMENT | |
| Title | ¿Puede una reinspección modificar el criterio de una actuación anterior? |
| 773 0# - HOST ITEM ENTRY | |
| Title | Consultor tributario |
| Related parts | - Año 11, Nº 121 (mar. 2017) |
| Record control number | REV474 |
No hay ítems disponibles.